000 00852nam a2200241 i 4500
001 16765
003 ES-MaACL
005 20250905101955.0
007 t|
008 001102s1986 sp |||| | spa d
020 _a84-505-3576-X
080 _a62/69.001.6/7:061.43(464.1M.)"1986"
080 _a62/69:008]:061.43(464.1M.)"1986"
245 0 0 _aProcesos : cultura y nuevas tecnologías
_b: 26 de mayo - 20 de junio, 1986, Centro de Arte Reina de Sofía.
260 _aMadrid :
_bMinisterio de Cultura,
_c[1986]
300 _a61 p., 1 h. pleg. :
_bil. col. ;
_c29 cm.
650 1 4 _aTecnología y civilización-
_vExposiciones.
_917421
655 7 _2tgfbne
_9193628
_aCatálogos de exposiciones
710 2 _aMuseo Nacional Centro de Arte Reina Sofía
_9147737
852 _aES-MaACL
_j2155-F-11
942 _2udc
999 _c16765
_d16765